000 00920nam a22001817a 4500
003 BDDh-ASL
005 20231015031306.0
008 230401s1941 b ||||| |||| 00| 0 b d
040 _aBDDh-ASL
_cBDDh-ASL
041 _aben
082 _a297.3
_bSET
100 1 _aসেন, গিরিশচন্দ্র
_97830
245 1 0 _aতাপসমালা : অর্থাৎ মোসলমান তপস্বীদিগের জীবনবৃত্তান্ত পারস্যপুস্তক তেজকরতোল আওলিয়া হইতে সঙ্কলিত, ষষ্ঠ ভাগ ::
_bTapasamala : or Lives of Mahomedans Saints /
260 _aCalcutta :
_bPrinted and Published by P. Ghose,
_c1941.
300 _a114 p. :
_c22 cm.
650 0 _aReligion, ধর্ম, Dharma, faith, creed, law, worship, property, আস্তিকতা, দীন
_92606
942 _2ddc
_cBK
999 _c31604
_d31604